Statistics for 20 Most Expensive Fenerbahçe Transfers

Click here to take the quiz!

General Stats

  • This quiz has been taken 165 times
  • The average score is 13 of 20

Answer Stats

AgeNat.SeasonFromFeeAnswer% Correct
26Senegal / France11/12LOSC Lille€10.00mMoussa Sow
94%
24Nigeria11/12Karabükspor€9.00mEmmanuel Emenike
88%
26Nigeria13/14Spartak Moscow€13.00mEmmanuel Emenike
88%
29Portugal12/13Chelsea€10.00mRaúl Meireles
80%
25Turkey20/21Başakşehir€7.00mİrfan Can Kahveci
79%
27Spain08/09RCD Mallorca€14.00mDani Güiza
77%
26Denmark15/16LOSC Lille€7.65mSimon Kjær
72%
25France04/05Manchester City€7.19mNicolas Anelka
66%
25Uruguay / Italy06/07São Paulo€7.50mDiego Lugano
64%
23Bosnia-Herzegovina / Turkey98/99Bursaspor€9.50mElvir Baljic
62%
20Turkey15/16Bursaspor€7.00mOzan Tufan
62%
22Turkey13/14Eskişehirspor€7.25mAlper Potuk
60%
25Turkey09/10Kayserispor€9.00mMehmet Topuz
60%
27Brazil17/18Zenit St. Petersburg€7.00mGiuliano
58%
24Ghana05/06Juventus€8.00mStephen Appiah
57%
30Senegal / France10/11Marseille€9.00mMamadou Niang
53%
26Brazil15/16São Paulo€8.00mJosef de Souza
49%
27Serbia12/13Juventus€7.00mMilos Krasic
49%
27Serbia06/07Atlético Madrid€7.00mMateja Kezman
46%
26Brazil09/10Corinthians€7.00mCristian Baroni
45%

Score Distribution

Percentile by Number Answered

Percent of People with Each Score

Your Score History

You have not taken this quiz